000 00779nam a2200253 a 4500
001 BRL_1717
005 20190320211334.0
008 290514s1990----mx-#######---#000-e#spa-#
020 _a9683902995
041 _aspa
044 _amx
050 4 _aGV1627
_b.R36 1990
100 1 _aRamos Smith, Maya
_d1944-
_927715
245 1 0 _aLa danza en México durante la época colonial
_cMaya Ramos Smith.
260 _aMéxico
_bAlianza : Consejo Nacional para la Cultura y las Artes
_c1990
300 _a212 p.
_c21 cm.
440 0 _aLos Noventa
_v19
_927716
500 _aAu1757
504 _aBibliografía: p. 207-212
650 1 4 _aDanza
_xHistoria
_ySiglo XVI
_zMéxico
_927717
710 2 _aConsejo Nacional para la Cultura y las Artes
_926265
902 _aGRL
942 _2lcc
_cB
999 _c10525
_d10525